| 000 | 00732nam a22002177a 4500 | ||
|---|---|---|---|
| 999 |
_c12886 _d12886 |
||
| 003 | AR-CdUCM | ||
| 008 | 190410b ||||| |||| 00| 0 spa d | ||
| 040 |
_aMUNICIPALIDAD PROVINCIAL DEL CUSCO _cBIBLIOTECA MUNICIPAL DEL CUSCO |
||
| 082 |
_a869.56 / _bJ24 |
||
| 100 |
_aJara Eguileta, Segundo. _928604 |
||
| 245 | _aFuente y cielo / | ||
| 260 |
_aCusco : _bGarcilaso, _c1983. |
||
| 300 |
_a152 paginas ; _c21 cm. |
||
| 500 | _aDedicatoria | ||
| 505 | _aContenido : Una raza (Quechua) -- Tupac Amaru II -- Ventarrón -- Así eres tú, Urubamba -- Inka Garcilaso... | ||
| 650 |
_aPoetisas Peruanas _914359 |
||
| 650 |
_aPoemas _9929 |
||
| 650 |
_aLiteratura cusqueña _9164 |
||
| 942 |
_2ddc _cLIBROS |
||
| 945 |
_awnts _d2019-04-10 |
||